000 00433nam a2200181Ia 4500
008 090122s9999 xx 000 0 und d
082 _b1085
100 _aM
_bG
_cPatkar
245 _aCost Accounts
260 _bDHADKE BOOKSELLERS
_c1975
300 _a239
501 _a"तुकाराम शिंदे, भेट"
600 _aM
630 _aCost Accounts
700 _aM
730 _aCost Accounts
942 _cBOOK
999 _c25163
_d25163